I. Dünya Savaşı (Record no. 3483)

MARC details
000 -BAŞLIK
Sabit Uzunlukta Kontrol Alanı 01209na a2200277 4500
001 - KONTROL NUMARASI
Denetim Alanı 14813
003 - KONTROL NUMARASI IDENTIFIER
Denetim Alanı MIRAKIL
005 - SON İŞLEM TARİHİ VE ZAMANI
Denetim Alanı 20181213154933.0
008 - SABİT-BOY VERİ ELEMANLARI - GENEL BİLGİLER
Sabit Uzunlukta Kontrol Alanı 160901b tu 000 0
035 ## - SİSTEM KONTROL NUMARASI
Sistem Kontrol Numarası 14813
040 ## - KATALOGLAMA KAYNAK
Orijinal Kataloglama Ajansı Milas
Kataloglama Dili tur
Metne Dönüştürmek Ajansı TR-AnCHP
082 ## - DEWEY ONLU SINIFLANDIRMA NUMARASI
Sınıflandırma Numarası ATA 940.4
Ürün Numarası W37b 2012
090 ## - SINIFLAMA NUMARASI
Sınıflama Numarası ATA 940.4 W37b 2012
100 ## - ANA GİRİŞ - KİŞİSEL İSİM
Kişisel Ad Westwell, Ian
245 ## - BAŞLIK TABLOSU
Başlık I. Dünya Savaşı
Başlığın Kalan 500'ü aşkın fotoğraf, harita ve savaş planı
-- tarihin en korkunç savaşlarından birinin, belirleyici çarpışmaların ve önemli antlaşmaların analiziyle birlikte çarpıcı ve detaylı anlatım
Sorumluluk Tablosu, Vb Ian Westwell
246 ## - UNVAN FORM VARYING
Başlık Doğru / Kısa Başlığı tarihin en korkunç savaşlarından birinin, belirleyici çarpışmaların ve önemli antlaşmaların analiziyle birlikte çarpıcı ve detaylı anlatım
246 ## - UNVAN FORM VARYING
Başlık Doğru / Kısa Başlığı 500'ü aşkın fotoğraf, harita ve savaş planı
260 ## - YAYIN, DAĞITIM, VB
Yayın, Dağıtım, Vb Yeri [y. y.]
Yayıncı, Dağıtıcı, Vs Adı Türkiye iş bankası kültür yayınları
Yayın, Dağıtım, Vb Tarihi 2012
300 ## - FİZİKSEL TANIM
Kapsam 256 s.
Diğer Fiziksel Ayrıntıları fotg. ; hrt.
Boyutlar 29 sm.
504 ## - KAYNAKÇA VB NOT
Kaynakça Vb Notu Kaynakça ve dizin var.
600 ## - KONU KATMA GİRİŞ - KURUMSAL ADI
Kişisel Ad Atatürk, Mustafa Kemal
Bir Adıyla İlişkilendirilen Tarihler 1881-1938
650 ## - KONU KATMA GİRİŞ - TOPİKAL DÖNEM
Topikal Süreli Veya Coğrafi Ad Giriş Elemanı Askeri tarih
Genel Alt Bölümü Resimli yapıtlar
650 ## - KONU KATMA GİRİŞ - TOPİKAL DÖNEM
Topikal Süreli Veya Coğrafi Ad Giriş Elemanı I. Dünya Savaşı (1914-1918)
Kronolojik Alt Bölümü 1914-1918
651 ## - KONU KATMA GİRİŞ - COĞRAFİ ADI
Coğrafi İsim Avrupa
Genel Alt Bölümü Resimli yapıtlar
942 ## - EKLENDİ GİRİŞ ELEMANLARI (KOHA)
Sınıflandırma Veya Raf Düzeni Kaynak
Koha Öğesi Türü Books
999 ## - SİSTEM KONTROL NUMARALARI (KOHA)
Koha Biblionumber 3483
Koha Biblioitemnumber 3483
Holdings
Kalıcı Konum Mevcut Konum Edinme Tarihi Edinim Kaynak Toplam Check-Out'Lar Tam Çağrı Numarası Barkod Tarih Son Görülme İtibaren Geçerli Fiyatlar Koha Öğesi Türü
CHP Kütüphanesi CHP Kütüphanesi 09/01/2016 Bağış   ATA 940.4 W37b 2012 002695 09/01/2016 09/01/2016 Books